000 00714nam a2200253Ia 4500
003 OSt
005 20221007102143.0
006 a|||||r|||| 00| 0
007 ta
008 221006b |||||||| |||| 00| 0 eng d
024 _a9,560
037 _cTextual
040 _aLCO
_cLCO
_beng
041 _2eng
_aeng
082 _aX:9k, L8.1
245 0 _aEncyclopeadia of Corporate meetings minutes & Resolutions
260 _aNew
_bJersey Prenfice Hall
_c1978
300 _a613-1193
490 _v1
650 _a MINUTES & RESOLUTIONS
_9704324
650 _aENCYCLOPEADIA OF CORPORATE MEETINGS
_9704325
942 _hX:9k, L8.1
_cTEXL
999 _c1179123
_d1179123